000
00253nam a22001217a 4500
040
_c
SK
082
_a
510
100
_a
EDWARD T.
245
_a
Introduction to mathematical economics
260
_a
NEW YORK
_b
EDW
_c
2001
300
_a
523p.
942
_c
EK
999
_c
9937
_d
9937